000 00279nam a2200097Ia 4500
001 683955
005 20250826161448.0
008 250824s9999 xx 000 0 und d
245 0 _aÇANAKKALEDE AÇAN VATAN ÇİÇEKLERİ
_cHASAN BAYRAKTAR
260 _bSELÇUKLU BELEDİYESİ YAYINLARI
999 _c683955
_d683955